The Expanding earth (Record no. 4200)

MARC details
000 -LEADER
fixed length control field 00689nam a2200217Ia 4500
003 - CONTROL NUMBER IDENTIFIER
control field IN-BaIIA
008 - FIXED-LENGTH DATA ELEMENTS--GENERAL INFORMATION
fixed length control field 211028s9999 xx 000 0 eng d
020 ## - INTERNATIONAL STANDARD BOOK NUMBER
International Standard Book Number 008-015827-7
040 ## - CATALOGING SOURCE
Transcribing agency IIA Library
080 ## - UNIVERSAL DECIMAL CLASSIFICATION NUMBER
Universal Decimal Classification number 523.31
Item number JOR
100 ## - MAIN ENTRY--PERSONAL NAME
Personal name Jordan, Pascual
9 (RLIN) 7378
245 #4 - TITLE STATEMENT
Title The Expanding earth
Remainder of title some consequences of Dirac's gravitation hypothesis
Statement of responsibility, etc. Pascual Jordan and Arthur Beer
260 ## - PUBLICATION, DISTRIBUTION, ETC.
Place of publication, distribution, etc. Oxford
Name of publisher, distributor, etc. Pergamon Press
Date of publication, distribution, etc. 1971
300 ## - PHYSICAL DESCRIPTION
Extent xv, 202p.
490 ## - SERIES STATEMENT
Series statement International series of monographs in natural philosophy; v. 37
650 ## - SUBJECT ADDED ENTRY--TOPICAL TERM
Topical term or geographic name entry element Astronomy and Astrophysics Thesaurus
650 ## - SUBJECT ADDED ENTRY--TOPICAL TERM
Topical term or geographic name entry element Dirac Cosmology
9 (RLIN) 7379
650 ## - SUBJECT ADDED ENTRY--TOPICAL TERM
Topical term or geographic name entry element Earth
700 ## - ADDED ENTRY--PERSONAL NAME
Personal name Beer, Arthur
9 (RLIN) 4071
942 ## - ADDED ENTRY ELEMENTS (KOHA)
Koha item type Books
Holdings
Withdrawn status Lost status Damaged status Not for loan Home library Current library Shelving location Date acquired Cost, normal purchase price Total Checkouts Full call number Barcode Date last seen Cost, replacement price Price effective from Koha item type Purchase Price
        IIA Library-Bangalore IIA Library-Bangalore General Stacks 23/04/1973 95.00   523.31/ JOR 4690 05/11/2021 95.00 23/04/1973 Books Rs. 95.00

Powered by Koha